1610 1932 1509 1901 1856 1222 1116 1725 1129 1061 1423 1867 1369 1964 1724 1325 1484 1294 1847 1279 1301 1981 1079 1088 1942 1642 1570 1839 1482 1596 1769 1539 1177 1246 1028 1725 1027 1748 1411 1316 1986 1717 1466 1495 1357 1154 1011 1379 1526 1212 1151 1885 1644 1286 1469 1407 1560 1009 1680 1975 1595 1164 1822 1796 1168 1904 1947 1498 1420 1644 1386 1343 1176 1974 1858 1894 1077 1060 1601 1248 1865 1089 1939 1400 1372 1248 1096 1705 1946 1128 1627 1257 1079 1603 1173 1450 1002 1849 1127 BCNSPRNW ULIB Ver.6.0+V

เปลี่ยนเป็นภาษาไทย

Change to English
 แสดงรายละเอียดบรรณานุกรม
  กลับหน้าหลัก

Brief Record : Get Marc (ISO 2709) : E-mail record : QR code < ปิดหน้าต่าง
LEADER : 00000nam 2200000uu 4500
001    13399120850
003     ULIB
008    020711s2546 th a 000 0 tha d
020    9749115570
050    BQ^bบ192ต
100    บรรหาร เลาหะวิไลย
245    ตำนานเกจิพระเครื่อง 4/^cบรรหาร เลาหะวิไลย
250    พิมพ์ครั้งที่ 1
260    กรุงเทพฯ :^bแก้ววิไล,^c2546
945    ^p0^l0^i11820
945    ^p0^l0^i11821
999    ^aทศพร เกษรทอง
รายการนี้ยังไม่มีแท็ก
คุณยังไม่ได้ล็อกอิน คุณสามารถมีกิจกรรมร่วมกับเว็บไซต์ได้ แต่ต้องล็อกอินก่อน ::
  ล็อกอิน

รายการสื่อสารสนเทศ

ลำดับที่ ประเภท เลขเรียก/บาร์โค้ด สถานที่ สถานะ
1. วิทยาศาสตร์การแพทย์ และสุขภาพ
วิทยาศาสตร์การแพทย์ และสุขภาพ
BQ บ192ต  
  Barcode: 11820
ห้องสมุดวิทยาเขตสวรรค์ประชารักษ์
►หนังสือทั่วไป
บนชั้น
2. วิทยาศาสตร์การแพทย์ และสุขภาพ
วิทยาศาสตร์การแพทย์ และสุขภาพ
BQ บ192ต ฉ.2 
  Barcode: 11821
ห้องสมุดวิทยาเขตสวรรค์ประชารักษ์
►หนังสือทั่วไป
บนชั้น

BibComment


ยังไม่เคยถูกคอมเมนท์

คอมเมนท์ทรัพยากรรายการนี้
  คอมเมนท์: ตำนานเกจิพระเครื่..


 Copyright 2026. Bcnsprnw @Library